Countries with Multiple Alpha Cities - Statistics

General Stats
  • This quiz has been taken 63 times
  • The average score is 6 of 6
Answers on the Map
Answers color-coded by a green-red scale on the quiz's map according to % correct below.
 
Answer Stats
Hint Answer % Correct
5 China
98%
3 India
98%
5 United States
96%
2 Australia
88%
2 Canada
88%
2 Germany
84%
No matching quizzes found
Score Distribution
Percent of People with Each Score
Percentile by Number Answered
Your Score History
You have not taken this quiz